000 00617nam a2200205 4500
003 OSt
005 20240625075849.0
006 a
008 240625b |||||||| |||| 00| 0 eng d
020 _a9812532994
040 _aDWCL-HMN lib.
_cOC
082 _2Third edition
_aCirc. 642.4 S283c 2007
100 _aScanlon, Nancy Loman
245 _aCatering management /
260 _aN.J. :
_bJohn Wiley & Sons, Inc. ,
_cc2007.
300 _axv,
_b283 p. : ill. ;
_c26 cm.
504 _aIncludes bibliographical references & index.
650 _a1. Cateres and catering-Management.
942 _2ddc
_n0
_cBK-CIRC
_kCirc.
999 _c1333
_d1333